The public health effects of food deserts (Record no. 59143)
[ view plain ]
| 000 -LEADER | |
|---|---|
| fixed length control field | 01900nam a2200373 a 4500 |
| 245 04 - TITLE STATEMENT | |
| Title | The public health effects of food deserts |
| 260 ## - PUBLICATION, DISTRIBUTION, ETC. (IMPRINT) | |
| Place of publication | Washington, D.C. : |
| Name of publisher | National Academies Press, |
| Year of publication | 2009. |
| 300 ## - PHYSICAL DESCRIPTION | |
| Number of Pages | xiv, 99 p. : |
| Other physical details | ill. (some col.), maps (some col.). |
| 650 #0 - SUBJECT ADDED ENTRY--TOPICAL TERM | |
| Topical Term | Nutrition disorders |
| Topical Term | Nutrition surveys |
| Topical Term | Grocery shopping |
| 700 1# - ADDED ENTRY--PERSONAL NAME | |
| Personal name | Whitacre, Paula. |
| Personal name | Tsai, Peggy. |
| Personal name | Mulligan, Janet. |
| 856 40 - ELECTRONIC LOCATION AND ACCESS | |
| Uniform Resource Identifier | http://site.ebrary.com/lib/rucke/Doc?id=10315884 |
No items available.
